శ్రీమద్రామాయణము (Record no. 676)
[ view plain ]
| 000 -LEADER | |
|---|---|
| fixed length control field | 01322 a2200277 4500 |
| 003 - CONTROL NUMBER IDENTIFIER | |
| control field | dpl |
| 005 - DATE AND TIME OF LATEST TRANSACTION | |
| control field | 20090306124110.0 |
| 008 - FIXED-LENGTH DATA ELEMENTS--GENERAL INFORMATION | |
| fixed length control field | 090306t xxu||||| |||| 00| 0 eng d |
| 010 ## - LIBRARY OF CONGRESS CONTROL NUMBER | |
| LC control number | TEL-4937 |
| 020 ## - INTERNATIONAL STANDARD BOOK NUMBER | |
| Terms of availability | 35.00 |
| 035 ## - SYSTEM CONTROL NUMBER | |
| System control number | TL-3943 |
| 037 ## - SOURCE OF ACQUISITION | |
| Source of stock number/acquisition | D.B.Act / Pub |
| 040 ## - CATALOGING SOURCE | |
| Transcribing agency | dpl |
| 082 ## - DEWEY DECIMAL CLASSIFICATION NUMBER | |
| Classification number | 294.5922 |
| 240 ## - UNIFORM TITLE | |
| Uniform title | <a href="రామాయణం">రామాయణం</a> |
| Language of a work | తెలుగు |
| 245 ## - TITLE STATEMENT | |
| Title | శ్రీమద్రామాయణము |
| Remainder of title | :తేట తెలుగు వచనంలో-బొమ్మలతో / |
| Statement of responsibility, etc | వాల్మీకి;అక్షర వాచస్పతి దాశరథి రంగాచార్య |
| 246 ## - VARYING FORM OF TITLE | |
| Title proper/short title | Srimad Ramayanam |
| Remainder of title | by Valmiki |
| 260 ## - PUBLICATION, DISTRIBUTION, ETC. (IMPRINT) | |
| Place of publication, distribution, etc | హైదరాబాద్ |
| Name of publisher, distributor, etc | విశాలాంధ్ర పబ్లిషింగ్ హౌస్ |
| Date of publication, distribution, etc | 2008 |
| 270 ## - ADDRESS | |
| Address | విజ్ఞాన భవన్, |
| City | హైదరాబాద్ |
| State or province | ఆంధ్ర ప్రధేశ్ |
| Postal code | 500001 |
| Electronic mail address | visalaandhraph@yahoo.com |
| 300 ## - PHYSICAL DESCRIPTION | |
| Extent | 690 పే. |
| Dimensions | 23 సెం.మీ. |
| 546 ## - LANGUAGE NOTE | |
| Language note | In Telugu |
| 650 ## - SUBJECT ADDED ENTRY--TOPICAL TERM | |
| Topical term or geographic name as entry element | హాస్య నవల |
| 700 ## - ADDED ENTRY--PERSONAL NAME | |
| Relator code | రంగాచార్య, దాశరథి. |
| 942 ## - ADDED ENTRY ELEMENTS (KOHA) | |
| Koha item type | Telugu |
| Institution code [OBSOLETE] | dpl |
| Source of classification or shelving scheme | Dewey Decimal Classification |
| Classification part | 294.5922 |
| Withdrawn status | Lost status | Source of classification or shelving scheme | Damaged status | Not for loan | Home library | Current library | Date acquired | Cost, normal purchase price | Total Checkouts | Full call number | Barcode | Date last seen | Cost, replacement price | Price effective from | Koha item type |
|---|---|---|---|---|---|---|---|---|---|---|---|---|---|---|---|
| Dewey Decimal Classification | D.B.Act.Division | D.B.Act.Division | 06/03/2009 | 350.00 | 294.5922 | TL-3943 | 06/03/2009 | 350.00 | 06/03/2009 | Telugu |
